Statistiques concernant La corruption en Afrique du sud de 2009 à 2018

Cliquez ici pour prendre le quiz!

Statistiques générales

  • Ce quiz a été pris 13 fois
  • Le résultat moyen est 3 sur 11

Statistiques - réponses

HintRéponse% Correct
Président du pays de 2009 à 2018Jacob Zuma
73%
Monnaie officielle d'Afrique du sudRand
73%
Parti politique de Jacob ZumaANC
55%
Président d'Afrique du sud depuis 2018Cyril Ramaphosa
45%
Nom complet du parti en questionAfrican National Congress
18%
Prénom du fils du Président sud-africain de 2009 à 2018Duduzane
18%
Famille indienne impliquée dans la corruptionGupta
18%
Chaîne de télévision de propagandeANN7
9%
Agence de communication londonienne ayant travaillé pour cette familleBell Pottinger
9%
Nom de l'affaire concernant des fuites d'emailsGuptaleaks
9%
Société de transport sud-africaine impliquéeTransnet
9%

Distribution des résultats

Percentile par nombre de réponses

% des personnes avec chaque résultat

Votre développement - résultats

Vous n’avez pas pris ce quiz